Ekonomická governance v hospodářsky vyspělých státech v kontextu mezinárodních vztahů

Gespeichert in:
Bibliographische Detailangaben
1. Verfasser: Němcová, Ingeborg
Format: Buch
Sprache:Tschechisch
Veröffentlicht: Praha Professional Publishing 2010
Schlagworte:
Tags: Tag hinzufügen
Keine Tags, Fügen Sie das erste Tag hinzu!

MARC

LEADER 00000nam$a2200000$$$4500
001 0114849
005 20220913103050.0
020 |a 978-80-7431-020-1 
041 0 |a cze 
044 |a CZ 
245 1 0 |a Ekonomická governance v hospodářsky vyspělých státech v kontextu mezinárodních vztahů  |c Ingeborg Němcová a kolektiv 
264 1 |a Praha  |b Professional Publishing  |c 2010 
300 |a 127 s. 
610 2 0 |a riadenie podnikové 
610 2 0 |a politika hospodárska 
610 2 0 |a reformy hospodárske 
610 2 0 |a krajiny vyspelé 
610 2 0 |a vzťahy medziodvetvové 
610 2 0 |a spolupráca medzinárodná 
610 2 0 |a projekty medzinárodné 
610 2 0 |a analýza ekonomická 
610 2 0 |a akcionári 
610 2 0 |a kríza finančná 
610 2 0 |a kríza hospodárska 
610 2 0 |a globalizácia 
100 1 |a Němcová, Ingeborg